OCM Java EE 6 enterprise architect exam guide : (Record no. 98069)
[ view plain ]
| 000 -LEADER | |
|---|---|
| fixed length control field | 00990nam a22002537a 4500 |
| 005 - DATE AND TIME OF LATEST TRANSACTION | |
| control field | 20160104094712.0 |
| 010 ## - LCCN (DPL NO) | |
| LC control number | ENG-114463 |
| 020 ## - INTERNATIONAL STANDARD BOOK NUMBER | |
| Terms of availability | 1075.00 |
| International Standard Book Number | 9339222229 |
| 020 ## - INTERNATIONAL STANDARD BOOK NUMBER | |
| Terms of availability | 1075.00 |
| International Standard Book Number | 9789339222222 |
| 035 ## - SYSTEM CONTROL NUMBER | |
| System control number | EN-97995 |
| 037 ## - SOURCE OF ACQUISITION | |
| Source of stock number/acquisition | DBAD/PUB |
| 082 ## - DEWEY DECIMAL CLASSIFICATION NUMBER | |
| Classification number | 005.133076 |
| 100 ## - MAIN ENTRY--PERSONAL NAME | |
| Personal name | Allen, Paul R. |
| 245 ## - TITLE STATEMENT | |
| Title | OCM Java EE 6 enterprise architect exam guide : |
| Statement of responsibility, etc | by Paul R. Allen [and] Joseph J. Bambara |
| Remainder of title | exam IZO-807, IZO-865 & IZO-866 / |
| 260 ## - PUBLICATION, DISTRIBUTION, ETC. (IMPRINT) | |
| Place of publication, distribution, etc | Noida |
| Name of publisher, distributor, etc | McGraw Hill Education |
| Date of publication, distribution, etc | 2014 |
| 270 ## - ADDRESS | |
| Address | B-4, Sector - 63, Gautam Budh Nagar, |
| City | Noida (UP) |
| Postal code | 201301 |
| 300 ## - PHYSICAL DESCRIPTION | |
| Extent | xxi,486p. : |
| Dimensions | 24cm(pbk) |
| Other physical details | ill. |
| Accompanying material | 1CD-ROM |
| 500 ## - GENERAL NOTE | |
| General note | Includes index |
| 650 ## - SUBJECT ADDED ENTRY--TOPICAL TERM | |
| Topical term or geographic name as entry element | Java (Computer program language) |
| General subdivision | Examinations |
| Form subdivision | Study guides. |
| 650 ## - SUBJECT ADDED ENTRY--TOPICAL TERM | |
| Topical term or geographic name as entry element | Business enterprises |
| General subdivision | Computer networks |
| -- | Examinations |
| Form subdivision | Study guides. |
| 650 ## - SUBJECT ADDED ENTRY--TOPICAL TERM | |
| Topical term or geographic name as entry element | Electronic data processing personnel |
| General subdivision | Certification. |
| 700 ## - ADDED ENTRY--PERSONAL NAME | |
| Personal name | Bambara, Joseph J. |
| 942 ## - ADDED ENTRY ELEMENTS (KOHA) | |
| Source of classification or shelving scheme | Dewey Decimal Classification |
| Item type | English Books |
| Call number suffix | ALL |
| Classification part | 005.133076 |
| Withdrawn status | Lost status | Not for loan | Collection code | Home library | Current library | Date acquired | Source of acquisition | Cost, normal purchase price | Full call number | Barcode | Copy number | Cost, replacement price | Koha item type |
|---|---|---|---|---|---|---|---|---|---|---|---|---|---|
| Not For Loan | Non-fiction | D.B.Act.Division | D.B.Act.Division | 03/11/2015 | DBAD/PUB | 1075.00 | 005.133076 ALL | EN-97995 | 1 | 1075.00 | English Books |
